NBA Top 5 Playoff Assists since 2000 - Statistics

General Stats
  • This quiz has been taken 20 times
  • The average score is 113 of 131
Answer Stats
Year Team Player % Correct
2019: 5 Trail Blazers Damian Lillard
100%
2010: 4 Jazz Deron WIlliams
100%
2008: 3 Jazz Deron WIlliams
100%
2007: 3 Jazz Deron WIlliams
100%
2022: 2 Warriors Draymond Green
100%
2019: 1 Warriors Draymond Green
100%
2018: 2 Warriors Draymond Green
100%
2017: 4 Warriors Draymond Green
100%
2016: 3 Warriors Draymond Green
100%
2015: 4 Warriors Draymond Green
100%
2021: 5 Bucks Giannis Antetokounmpo
100%
2025: 3 Knicks Jalen Brunson
100%
2025: 5 Thunder Jalen Williams
100%
2023: 2 Nuggets Jamal Murray
100%
2020: 3 Nuggets Jamal Murray
100%
2024: 3 Celtics Jayson Tatum
100%
2023: 4 Celtics Jayson Tatum
100%
2022: 1 Celtics Jayson Tatum
100%
2023: 3 Heat Jimmy Butler
100%
2020: 2 Heat Jimmy Butler
100%
2024: 4 Mavericks Kyrie Irving
100%
2016: 5 Cavaliers Kyrie Irving
100%
2023: 5 Lakers LeBron James
100%
2020: 1 Lakers LeBron James
100%
2018: 1 Cavaliers LeBron James
100%
2017: 1 Cavaliers LeBron James
100%
2016: 2 Cavaliers LeBron James
100%
2015: 1 Cavaliers LeBron James
100%
2014: 4 Heat LeBron James
100%
2013: 1 Heat LeBron James
100%
2012: 2 Heat LeBron James
100%
2011: 2 Heat LeBron James
100%
2010: 5 Cavaliers LeBron James
100%
2009: 5 Cavaliers LeBron James
100%
2007: 1 Cavaliers LeBron James
100%
2024: 1 Mavericks Luka Dončić
100%
2025: 4 Nuggets Nikola Jokić
100%
2024: 5 Nuggets Nikola Jokić
100%
2023: 1 Nuggets Nikola Jokić
100%
2020: 4 Nuggets Nikola Jokić
100%
2019: 4 Nuggets Nikola Jokić
100%
2025: 2 Thunder Shai Gilgeous-Alexander
100%
2022: 3 Warriors Steph Curry
100%
2019: 3 Warriors Steph Curry
100%
2017: 3 Warriors Steph Curry
100%
2015: 2 Warriors Steph Curry
100%
2021: 3 Hawks Trae Young
100%
2025: 1 Pacers Tyrese Haliburton
100%
2024: 2 Pacers Tyrese Haliburton
100%
2024: 5 Timberwolves Anthony Edwards
94%
2022: 5 Suns Chris Paul
94%
2021: 2 Suns Chris Paul
94%
2014: 2 Clippers Chris Paul
94%
2008: 2 Hornets Chris Paul
94%
2010: 3 Lakers Kobe Bryant
94%
2009: 2 Lakers Kobe Bryant
94%
2008: 5 Lakers Kobe Bryant
94%
2004: 2 Lakers Kobe Bryant
94%
2002: 2 Lakers Kobe Bryant
94%
2000: 3 Lakers Kobe Bryant
94%
2016: 1 Thunder Russell Westbrook
94%
2014: 1 Thunder Russell Westbrook
94%
2012: 3 Thunder Russell Westbrook
94%
2011: 4 Thunder Russell Westbrook
94%
2011: 3 Bulls Derrick Rose
89%
2013: 4 Heat Dwyane Wade
89%
2012: 4 Heat Dwyane Wade
89%
2011: 5 Heat Dwyane Wade
89%
2006: 2 Heat Dwyane Wade
89%
2000: 4 Pacers Jalen Rose
89%
2018: 3 Rockets James Harden
89%
2015: 3 Rockets James Harden
89%
2021: 1 Bucks Jrue Holiday
89%
2021: 4 Bucks Khris Middleton
89%
2019: 2 Raptors Kyle Lowry
89%
2016: 4 Raptors Kyle Lowry
89%
2014: 5 Spurs Manu Ginóbili
89%
2013: 5 Spurs Manu Ginóbili
89%
2005: 5 Spurs Manu Ginóbili
89%
2008: 4 Celtics Paul Pierce
89%
2010: 2 Suns Steve Nash
89%
2007: 2 Suns Steve Nash
89%
2006: 1 Suns Steve Nash
89%
2005: 1 Suns Steve Nash
89%
2003: 2 Mavericks Steve Nash
89%
2014: 3 Spurs Tony Parker
89%
2013: 2 Spurs Tony Parker
89%
2012: 5 Spurs Tony Parker
89%
2007: 5 Spurs Tony Parker
89%
2005: 4 Spurs Tony Parker
89%
2003: 5 Spurs Tony Parker
89%
2003: 4 76ers Allen Iverson
83%
2001: 1 76ers Allen Iverson
83%
2009: 4 Pistons Chauncey Billups
83%
2006: 3 Pistons Chauncey Billups
83%
2005: 2 Pistons Chauncey Billups
83%
2004: 1 Pistons Chauncey Billups
83%
2017: 5 Celtics Isiah Thomas
83%
2011: 1 Mavericks Jason Kidd
83%
2007: 4 Nets Jason Kidd
83%
2006: 4 Nets Jason Kidd
83%
2004: 4 Nets Jason Kidd
83%
2003: 1 Nets Jason Kidd
83%
2002: 1 Nets Jason Kidd
83%
2017: 2 Wizards John Wall
83%
2020: 5 Lakers Rajon Rondo
83%
2018: 4 Pelicans Rajon Rondo
83%
2012: 1 Celtics Rajon Rondo
83%
2010: 1 Celtics Rajon Rondo
83%
2009: 1 Celtics Rajon Rondo
83%
2008: 1 Celtics Rajon Rondo
83%
2003: 3 Spurs Tim Duncan
83%
2004: 3 SuperSonics Gary Payton
78%
2000: 2 Jazz John Stockton
78%
2022: 4 Celtics Marcus Smart
78%
2013: 3 Grizzlies Mike Conley
78%
2001: 3 Bucks Ray Allen
78%
2000: 1 Pacers Mark Jackson
67%
2015: 5 Hawks Jeff Teague
61%
2005: 3 Pistons Richard Hamilton
61%
2004: 5 Pistons Richard Hamilton
61%
2002: 3 Kings Mike Bibby
56%
2002: 4 Kings Doug Christie
33%
2001: 2 76ers Sam Cassell
28%
2001: 4 Bucks Sam Cassell
28%
2009: 3 Magic Hedo Türkoğlu
22%
2000: 5 Lakers Ron Harper
22%
2001: 5 76ers Eric Snow
17%
2006: 5 Suns Boris Diaw
11%
2002: 5 Celtics Kenny Anderson
6%
2018: 5 Celtics Terry Rozier
6%
No matching quizzes found
Score Distribution
Percent of People with Each Score
Percentile by Number Answered
Your Score History
You have not taken this quiz